Statistics for Top Goalscorers in the Each Year of the UEFA Champions League

Click here to take the quiz!

General Stats

  • This quiz has been taken 1,008 times
    (853 since last reset)
  • The average score is 29 of 80

Answer Stats

Answer% Correct
Cristiano Ronaldo
99%
Lionel Messi
98%
Erling Haaland
97%
Kylian Mbappé
96%
Mohamed Salah
96%
Robert Lewandowski
92%
Karim Benzema
90%
Neymar
88%
Luis Suárez
78%
Thomas Müller
78%
Vinícius Júnior
78%
Zlatan Ibrahimović
74%
Sadio Mané
73%
Didier Drogba
67%
Sergio Agüero
66%
Raúl
64%
Roberto Firmino
63%
Steven Gerrard
61%
Ronaldinho
60%
Edinson Cavani
59%
Ruud van Nistelrooy
59%
Thierry Henry
59%
Andriy Shevchenko
58%
Marcus Rashford
58%
Fernando Torres
56%
Samuel Eto'o
56%
Kaká
55%
Mario Gómez
47%
Alessandro Del Piero
46%
Filippo Inzaghi
46%
Diego Costa
45%
Dušan Tadić
42%
Serge Gnabry
41%
Rivaldo
39%
Miroslav Klose
36%
Sébastien Haller
36%
Álvaro Morata
35%
Dwight Yorke
35%
Fernando Morientes
31%
Marco van Basten
31%
David Trezeguet
27%
Hernán Crespo
27%
Paul Scholes
26%
Romário
25%
Ole Gunnar Solskjær
24%
Roy Makaay
24%
Olivier Giroud
23%
Christian Vieri
22%
George Weah
20%
Hristo Stoichkov
18%
Youssef En-Nesyri
18%
Adriano
17%
Ivica Olić
17%
Jari Litmanen
16%
Peter Crouch
16%
Burak Yılmaz
13%
Giovane Élber
13%
Mário Jardel
12%
Ronald Koeman
12%
Dado Pršo
8%
Lars Ricken
7%
Serhiy Rebrov
7%
Karl-Heinz Riedle
6%
Diego Simeone
5%
Marco Simone
5%
Moussa Marega
5%
Alen Bokšić
4%
Alen Bokšić
4%
Lee Bowyer
4%
Milinko Pantić
3%
Walter Pandiani
3%
Wynton Rufer
3%
Franck Sauzée
2%
Iván Helguera
2%
Krzysztof Warzycha
2%
Luc Nilis
2%
Nicola Amoruso
2%
Artur
1%
Magnus Erlingmark
1%
Zlatko Zahovič
1%

Score Distribution

Percentile by Number Answered

Percent of People with Each Score

Your Score History

You have not taken this quiz since the last reset